000 00300nam a22001097a 4500
008 230704b xxu||||| |||| 00| 0 eng d
082 _a362.1
_bCAR 2004
245 _aImproving the Health of the World's Poorest People
260 _bPopulation Reference Bureau
_c2004
300 _a34p
942 _2ddc
_cBK
999 _c3757
_d3757